Management, economics and business development in the new european conditions international scientific conference

Salvato in:
Dettagli Bibliografici
Enti autori: Management, economics and business development in the new european conditions. International scientific conference, Vysoké učení technické v Brně. Fakulta podnikatelská
Natura: Libro
Lingua:inglese
Pubblicazione: Brno University of Technology. Faculty of Business and Management 2004
Soggetti:
Tags: Aggiungi Tag
Nessun Tag, puoi essere il primo ad aggiungerne!!

MARC

LEADER 00000nlm$a2200000$$$4500
001 0061751
005 20221116143217.8
020 |a 80-214-2661-6 
041 0 |a eng 
044 |a CZ 
245 1 0 |a Management, economics and business development in the new european conditions  |b international scientific conference 
264 1 |a Brno  |b University of Technology. Faculty of Business and Management  |c 2004 
300 |a CD-ROM 
610 2 0 |a manažment 
610 2 0 |a ekonómia 
610 2 0 |a podnikanie 
610 2 0 |a Európska únia 
610 2 0 |a Európa 
110 2 |a Management, economics and business development in the new european conditions. International scientific conference 
710 2 |a Vysoké učení technické v Brně. Fakulta podnikatelská